3: Niente cravatta /

Scoppiettante, divertente, ricco di spunti, suggestioni, storie. Il terzo libro di Sauveur & figlio non tradisce le aspettative e, come nei precedenti due volumi della serie, ci regala un affresco dalle mille sfumature su debolezze, fragilità, speranze, punti di forza umani, con uno sguardo pervaso...

Deskribapen osoa

Gorde:
Xehetasun bibliografikoak
Egile nagusia: Murail, Marie-Aude (Egilea)
Beste egile batzuk: Angelini, Federica (Itzultzailea)
Formatua: Liburua
Hizkuntza:italiera
Argitaratua: Firenze ; Milano : Giunti, 2021
Saila:Waves
Etiketak: Etiketa erantsi
Etiketarik gabe, Izan zaitez lehena erregistro honi etiketa jartzen!

MARC

LEADER 00000nam a22000007ib4500
001 IT\ICCU\LO1\1832554
003 ItRI
005 20260115232046.0
008 210924s2021 it |||||| |||||1|||||c
020 |a 9788809909748 
040 |b ita  |c importazione bologna sebina 
041 7 |a ita  |2 ISO-639-2 
100 1 |a Murail, Marie-Aude  |0 IT\ICCU\RAVV\067054  |4 aut 
240 1 0 |a Sauveur & fils. Saison 3  |3 IT\ICCU\MOD\1728066  |9 Murail, Marie-Aude 
245 1 3 |a 3: Niente cravatta /  |c Marie-Aude Murail ; traduzione di Federica Angelini. 
260 |a Firenze ;  |a Milano :  |b Giunti,  |c 2021 
300 |a 258 p. ;  |c 22 cm 
520 |a Scoppiettante, divertente, ricco di spunti, suggestioni, storie. Il terzo libro di Sauveur & figlio non tradisce le aspettative e, come nei precedenti due volumi della serie, ci regala un affresco dalle mille sfumature su debolezze, fragilità, speranze, punti di forza umani, con uno sguardo pervaso di empatia. Sauveur, psicologo, continua a vivere in quella casa di via de Murlins divisa in due, da una parte lo studio dove riceve i pazienti, dall'altra la sua famiglia sempre più composita. Uno spaccato complesso, dove tutti commettono errori, ma nessuno viene condannato, dove accanto alla tragedia del Bataclan c'è la voglia di continuare e non darsi per sconfitti. 
700 1 |a Angelini, Federica  |0 IT\ICCU\TO0V\343448  |4 trl 
773 0 |w IT\ICCU\TO0\2045836  |t Sauveur & figlio  |g 3  |a Murail, Marie-Aude  |0 IT\ICCU\RAVV\067054 
830 0 |a Waves  |0 IT\ICCU\VIA\0308102 
942 |2 ddc  |c BK  |n 0 
952 |0 0  |1 0  |4 0  |6 R_843_920000000000000_MUR  |7 0  |9 19331  |a BO  |b BO  |d 2026-01-15  |i 19342  |l 0  |o R 843.92 MUR  |p BO19342  |r 2026-01-15 23:20:46  |w 2026-01-15  |x [Sebina 5] [1 v.]  |y BK  |z 1 v. 
999 |c 16460  |d 16460